| 000 -ლიდერი |
| ფიქსირებული სიგრძის საკონტროლო ველი |
01297nam a22002417a 4500 |
| 003 - საკონტროლო ნომრის იდენტიფიკატორი |
| საკონტროლო ველი |
Ge_BSU |
| 005 - ბოლო ოპერაციის თარიღი და დრო |
| საკონტროლო ველი |
20230126115014.0 |
| 008 - ფიქსირებული სიგრძის მონაცემთა ელემენტები - ზოგადი ინფორმაცია |
| ფიქსირებული სიგრძის საკონტროლო ველი |
230126s2001 ge ||||| |||| 00| 0 geo d |
| 041 ## - ენის კოდი |
| Language code of text/sound track or separate title |
geo |
| 080 ## - უნივერსალური ათობითი კლასიფიკაციის ინდექსი |
| Universal Decimal Classification number |
339.543:34(479.22)(094.4) ლ-85 |
| 100 ## - მთავარი ჩანაწერი - პიროვნების სახელი |
| Personal name |
ლორთქიფანიძე, ვიქტორ |
| 9 (RLIN) |
16791 |
| 245 ## - ცნობა სათაურის შესახებ |
| Title |
საქართველოს საბაჟო კოდექსის კომენტარები / |
| Statement of responsibility, etc |
ვიქტორ ლორთქიფანიძე ; მთ. რედ. აკაკი ნიშნიანიძე; რედ. ვალერი ჩიხლაძე; საქ. საბაჟო აკადემია. |
| 250 ## - გამოცემის ცნობა |
| Edition statement |
მე-2 გამოც. |
| 264 ## - წარმოების, გამოცემის, დისტრიბუციის და სხვა ცნობები |
| გამოცემის, წარმოების, დისტრიბუციის... ადგილი |
თბილისი, |
| გამოცემის, წარმოების, დისტრიბუციის... თარიღი |
2001. |
| 300 ## - ფიზიკური აღწერა |
| Extent |
472გვ. ; |
| Other physical details |
20სმ. |
| 504 ## - BIBLIOGRAPHY, ETC. NOTE |
| Bibliography, etc |
ბიბლიოგრ.: გვ. 470-471. |
| 653 ## - INDEX TERM--UNCONTROLLED |
| Uncontrolled term |
საქართველოს საბაჟო კოდექსი. |
| 700 ## - ADDED ENTRY--PERSONAL NAME |
| Personal name |
ნიშნიანიძე, აკაკი |
| Relator term |
მთ. რედაქტორი |
| 9 (RLIN) |
16798 |
| 700 ## - ADDED ENTRY--PERSONAL NAME |
| Personal name |
ჩიხლაძე, ვალერი |
| Relator term |
რედაქტორი |
| 9 (RLIN) |
16801 |
| 710 ## - ADDED ENTRY--CORPORATE NAME |
| Corporate name or jurisdiction name as entry element |
საქ. საბაჟო აკადემია. |
| 9 (RLIN) |
16799 |
| 773 ## - HOST ITEM ENTRY |
| Title |
ნაჩუქარი |
| 942 ## - ADDED ENTRY ELEMENTS (KOHA) |
| Source of classification or shelving scheme |
|
| Koha item type |
წიგნი |